000 00543nam a2200181Ia 4500
001 10618
003 GE_BSU
008 181216s||||||||xx |||||||||||||| ||und||
040 _cGE_BSU
245 _aმსოფლიოს ფიზიკური რუკა
245 _b1:35 000 000 (1სმ–ში 350კმ)
260 _aთბილისი
260 _bს/ს კარტოგრაფია
260 _c2012
541 _h10ლ.
653 _aმსოფლიოს ფიზიკური რუკა
942 _cMP
999 _c43869
_d43869